|
|
|
|
| LEADER |
00000nab a2200000 a 4500 |
| 001 |
vtls010615818 |
| 003 |
SK-MaSNL |
| 005 |
20260426072443.0 |
| 008 |
140822 2013 xo 000 b slo |
| 015 |
|
|
|a SNBRA 2012/09
|2 svkbbbg
|
| 038 |
|
|
|a SVKBBBG
|
| 040 |
|
|
|a SVKBBBG
|b slo
|c SVKBBBG
|e AACR2
|
| 041 |
0 |
|
|a slo
|
| 044 |
|
|
|a xo
|c SK
|
| 072 |
|
7 |
|a 37
|x Výchova a vzdelávanie
|2 konspekt
|
| 072 |
|
7 |
|a 364-1/-7
|x Druhy sociálnej pomoci a služieb
|2 konspekt
|
| 080 |
|
|
|a a 37.013.42
|2 2001
|
| 080 |
|
|
|a 37.035
|2 2001
|
| 080 |
|
|
|a 37.011.3-051
|2 2001
|
| 080 |
|
|
|a 373/378
|2 2001
|
| 080 |
|
|
|a 364-212
|2 2001
|
| 080 |
|
|
|a (437.6)
|2 2001
|
| 100 |
1 |
|
|a Kamarášová, Lucia
|4 aut
|9 323981
|
| 245 |
1 |
0 |
|a Aktuálne problémy realizácie prevencie v školskom prostredí na základe empirických zistení - koordinátor prevencie vs. sociálny pedagóg
|c Lucia Kamarášová
|
| 300 |
|
|
|b Grafy, tab.
|
| 504 |
|
|
|a Bibliografické odkazy a zoznam použitej literatúry
|
| 650 |
0 |
7 |
|a sociálna pedagogika
|2 SNKPH
|9 16623
|
| 650 |
0 |
7 |
|a sociálna výchova
|2 SNKPH
|9 50063
|
| 650 |
0 |
7 |
|a pedagógovia
|2 SNKPH
|9 18561
|
| 650 |
0 |
7 |
|a školy
|2 SNKPH
|9 1276
|
| 650 |
0 |
7 |
|a sociálna prevencia
|2 SNKPH
|9 1556
|
| 651 |
|
7 |
|a Slovensko
|2 SVKBBPH
|9 14231
|
| 773 |
0 |
|
|t Zborník vedeckovýskumných prác Katedry pedagogiky (9)
|d Banská Bystrica : Belianum. Vydaveteľstvo UMB v Banskej Bystrici, 2013
|g S. 50-57
|z 9788055705958
|
| 852 |
|
|
|a SVKBB
|b KIS3GCP
|
| 958 |
|
|
|a NB
|
| 999 |
|
|
|c 2688872
|d 2690802
|